000 00766cam a2200193 4500
001 ##L133412
008 060508n2006 000 0 eng u
035 _a(Sirsi) u133412
041 0 _aeng
050 0 4 _a333.33016 $2 18
110 2 _aInvestment Property Databank
_92288
245 0 0 _aIPD UK quarterly index
_bfirst quarter 2006
260 _aLondon
_bIPD
_c2006
520 _aPresents the index results for total return, capital growth and income return, and also a profile of commercial sectors for the first quarter ended March 2006.
590 _aIKA090506
690 _aPROPERTY-COMMERCIAL PROPERTY-COMMERCIAL PROPERTY FINANCE AND INVESTMENT
856 4 0 _uhttps://www.ipdglobal.com
_zView this index free of charge at www.ipdglobal.com...
942 _n0
999 _c105393
_d105393